Statistics for "Like" Similes #1

Click here to take the quiz!

General Stats

  • This quiz has been taken 34,216 times
    (12,105 since last reset)
  • The average score is 14 of 21

Answer Stats

Simile % Correct
Like a {fish} out of water
98%
Like two {peas} in a pod
96%
Like a {kid} in a candy store
94%
{Fit} like a glove
94%
Like a {chicken} with its head cut off
87%
Like watching {paint} dry
87%
{Work} like a charm
80%
Like a {bat} out of hell
77%
{Sing} like a canary
72%
{Smoke} like a chimney
70%
{Cut} like a knife
70%
Like a {cat} on a hot tin roof
69%
Make like a {banana} and split
63%
Make like a {tree} and leave
62%
{Grow} like a weed
62%
{Sleep} like a log
60%
{Sell} like hotcakes
55%
Go over like a lead {balloon}
55%
Like {rats} abandoning a sinking ship
49%
{Avoid} like the plague
22%
{Mind} like a steel trap
22%

Score Distribution

Percentile by Number Answered

Percent of People with Each Score

Your Score History

You have not taken this quiz since the last reset